000 00427nam a2200181Ia 4500
005 20250423095051.0
008 250422s9999 xx 000 0 und d
020 _a9780230229600
050 _aJZ 1405 .B74/
100 _aBrerridge, G. R.
245 0 _aDiplomacy: theory and practice
260 _aNew York
260 _bPalgrave Macmillan
260 _c2020
300 _a282 p
650 _a Diplomacy.
942 _cBK
999 _c29140
_d29140